Autobiography of an Absolutist / (Record no. 80369)

MARC details
000 -LEADER
fixed length control field 01251nam a22003257a 4500
005 - DATE AND TIME OF LATEST TRANSACTION
control field 20180226104936.0
010 ## - LCCN (DPL NO)
LC control number ENG-108620
020 ## - INTERNATIONAL STANDARD BOOK NUMBER
International Standard Book Number 8124605645
Terms of availability 1000.00
020 ## - INTERNATIONAL STANDARD BOOK NUMBER
International Standard Book Number 9788124605646
Terms of availability 1000.00
035 ## - SYSTEM CONTROL NUMBER
System control number EN-92153
035 ## - SYSTEM CONTROL NUMBER
System control number B-537854-857
035 ## - SYSTEM CONTROL NUMBER
System control number B-664866
037 ## - SOURCE OF ACQUISITION
Source of stock number/acquisition DBAD/PUB
037 ## - SOURCE OF ACQUISITION
Source of stock number/acquisition Mallika Books/Ven
Stock number dpl
082 ## - DEWEY DECIMAL CLASSIFICATION NUMBER
Classification number 921
100 ## - MAIN ENTRY--PERSONAL NAME
Personal name Nataraja Guru
245 ## - TITLE STATEMENT
Title Autobiography of an Absolutist /
Statement of responsibility, etc by Nataraja Guru
250 ## - EDITION STATEMENT
Edition statement 3rd rev. & enl. ed
260 ## - PUBLICATION, DISTRIBUTION, ETC. (IMPRINT)
Place of publication, distribution, etc New Delhi
Name of publisher, distributor, etc D K Printworld
Date of publication, distribution, etc 2011
270 ## - ADDRESS
Address Vedasrt, F-395, Sudarshan Park Ramesh Nagar Metro Station
City New Delhi
Postal code 110015
300 ## - PHYSICAL DESCRIPTION
Extent xviii, 803 p., [16] p. of plates :
Dimensions 24cm(Hb)
Other physical details ill.
500 ## - GENERAL NOTE
General note Includes index
520 ## - SUMMARY, ETC.
Summary, etc Autobiography of a believer of the Absolute, follower of Narayana Guru, 1856-1928, and an educator.
600 ## - SUBJECT ADDED ENTRY--PERSONAL NAME
Dates associated with a name 1895-1973.
Personal name Nataraja Guru,
650 ## - SUBJECT ADDED ENTRY--TOPICAL TERM
Topical term or geographic name as entry element Gurus
Geographic subdivision India |
Form subdivision Biography.
650 ## - SUBJECT ADDED ENTRY--TOPICAL TERM
Topical term or geographic name as entry element Absolute, The.
942 ## - ADDED ENTRY ELEMENTS (KOHA)
Source of classification or shelving scheme Dewey Decimal Classification
Item type English Books
Call number suffix NAT
Classification part 921
Holdings
Withdrawn status Lost status Not for loan Home library Current library Date acquired Source of acquisition Cost, normal purchase price Full call number Barcode Copy number Cost, replacement price Koha item type Collection code
      Ashok Vihar Ashok Vihar 26/02/2018 Mallika Books/62//4.3.17/367/15.02.2017/07.03.2017 1000.00 921 NAT B-664866 1 1000.00 English Books Non-fiction
      Central Library Central Library 26/08/2014 Mallika Books/131/31.03.2014/147/25.03.2014/31.03.2014 1000.00 921 NAT B-537854 1 1000.00 English Books Non-fiction
    Not For Loan D.B.Act.Division D.B.Act.Division 29/10/2013 DBAD/PUB 1000.00 921 NAT EN-92153 1 1000.00 English Books  
      Janak Puri Janak Puri 26/08/2014 Mallika Books/131/31.03.2014/147/25.03.2014/31.03.2014 1000.00 921 NAT B-537856 1 1000.00 English Books Non-fiction
      Karol Bagh Karol Bagh 26/08/2014 Mallika Books/131/31.03.2014/147/25.03.2014/31.03.2014 1000.00 921 NAT B-537857 1 1000.00 English Books Non-fiction
      Patel Nagar Patel Nagar 26/08/2014 Mallika Books/131/31.03.2014/147/25.03.2014/31.03.2014 1000.00 921 NAT B-537855 1 1000.00 English Books Non-fiction

© Delhi Public Library
Hit Counter
free hit counter